000 00437pab a2200169 454500
008 180718b2001 xxu||||| |||| 00| 0 eng d
100 _aSingh Amod Kumar
245 _aRole efficacy and role stress as moderates of organisational effectiveness
260 _c2001
300 _ap.15-23
362 _aOct-Dec
650 _aOrganizations
700 _aPandey, U.D.
700 _aBhardwaj, Gopa
773 _aAbhigyan
909 _a51469
999 _c51469
_d51469